00879nam0a22002171 4500001001100000005001700011021001900028035002600047100004100073101000800114102000700122105001800129200022700147210006200374215002200436606011900458700002500577801001800602801002200620852001900642rc\440290220250612073033.0 aRUb[63-10678] a(NLR Aleph) 008559932 a20130416d1963 |||y0rusy50 ca0 arus aRU aa z |||||1 aНа передовой линии борьбы за коммунизмe(Из опыта работы первичной парт. организации кишиневского завода "Виброприбор") aКишиневcКартя молдовеняскэd1963 a51 с.cил.d20 aПартийные организации и их работа на предприятииyКишинев2psbo 1aДовбышbН.М. 0aRUbNLRgpsbo 1aRUbELAR2rusmarc aNLRj63-4/3582